|
|
|
|
| LEADER |
00000cam a2200000 a 4500 |
| 001 |
vtls008349108 |
| 003 |
SK-MaSNL |
| 005 |
20260426002032.0 |
| 008 |
230403s1959 xo hoabf n 000 0 slo |
| 015 |
|
|
|a SNBA1959/08-01304
|
| 020 |
|
|
|q (viazané)
|
| 035 |
|
|
|a SK01SNK19590041325
|
| 035 |
|
|
|a urn:nbn:sk:snk-am3itzx
|
| 035 |
|
|
|a 5FA96AC9-F61E-4C02-8B6F-0F6B1EEA07A7
|
| 035 |
|
|
|a urn:nbn:sk:snk-am00fjbq
|
| 035 |
|
|
|a SKM000043788
|
| 040 |
|
|
|a SNK
|b slo
|c SNK
|e AACR2
|
| 041 |
0 |
|
|a slo
|b rus
|b ger
|
| 043 |
|
|
|a e-xo---
|
| 044 |
|
|
|a xo
|c SK
|
| 072 |
|
7 |
|a 339
|x Obchod
|2 konspekt
|
| 080 |
|
|
|a 339
|2 2011
|
| 080 |
|
|
|a 339(091)
|2 2011
|
| 080 |
|
|
|a (437.611)
|2 2011
|
| 080 |
|
|
|a (048.8)
|2 2011
|
| 100 |
1 |
|
|a Forbáth, Eugen,
|d 1891-1967
|4 aut
|9 242252
|
| 245 |
1 |
0 |
|a Dejiny bratislavského obchodu v 18. a 19. storočí (1699-1873)
|c Eugen Forbat
|
| 260 |
|
|
|a Bratislava
|b Slovenská akadémia vied
|c 1959
|
| 300 |
|
|
|a 579 strán, [1] rozkladací list
|b faksimile, fotografie, ilustrácie, mapy, plány, tabuľky
|c 24 cm
|
| 366 |
|
|
|e 1150 kusov
|
| 500 |
|
|
|a Zoznam obrázkov na strane 545-548 ; poznámky a skratky na strane 571 ; poznámky pod čiarou
|
| 500 |
|
|
|a Príloha obsahuje tabuľku cien potravín v Bratislavskej stolici 31. mája 1802 a 31. decembra 1803
|
| 504 |
|
|
|a Bibliografia na strane 535-540 ; obsahuje bibliografické odkazy
|
| 546 |
|
|
|a Text slovensky, resumé rusky a nemecky
|
| 648 |
|
7 |
|a 18.-19. storočie
|2 SNKPH
|9 276687
|
| 648 |
|
7 |
|a 1699-1873
|2 SNKPH
|9 590010
|
| 650 |
0 |
7 |
|a obchod
|2 SNKPH
|9 2198
|
| 650 |
0 |
7 |
|a dejiny obchodu
|2 SNKPH
|9 91023
|
| 651 |
|
7 |
|a Bratislava (Slovensko)
|2 SNKPHgeo
|9 14568
|
| 655 |
|
7 |
|a monografie
|2 SNKPH
|9 70139
|
| 710 |
2 |
|
|a Slovenská akadémia vied.
|b Sekcia spoločenských vied
|4 pbl
|9 253228
|
| 852 |
|
|
|a Slovenská národná knižnica
|
| 954 |
|
|
|a odborná, vedecká literatúra pôvodná (slovenská)
|2 lita
|
| 958 |
|
|
|a RK
|
| 958 |
|
|
|a TL
|
| 958 |
|
|
|a NB
|
| 958 |
|
|
|a OND
|
| 958 |
|
|
|a EUIPO
|
| 999 |
|
|
|c 907717
|d 909647
|
| 952 |
|
|
|a SNK
|b SNK
|y VYP
|7 0
|p 17A0195597
|o snkSC 13381 D1
|i snkKSP 2554/59
|3 rekatalogizácia
|0 0
|1 0
|4 0
|d 1999-05-27
|l 0
|r 2005-01-02 00:00:00
|w 2026-02-24
|
| 952 |
|
|
|a SNK
|b SNK
|y PREZ
|7 0
|p 17A0845546
|o snkSC 13381
|i snkKSP 2553/59
|0 0
|1 0
|4 0
|d 2020-02-18
|f 1
|l 0
|r 2025-07-16 00:00:00
|w 2026-02-24
|